00525cam a22001812 4500001001100000005001700011008004100028020001700069040001500086100003200101245008500133250001300218260003100231300001600262650003100278700003100309852000300340000002435220151217155235.0130909s xx 000 0 eng d a0702040955 : aKABUcKABU1 aKanski, Jack J.@000018029510aClinical ophthalmology :ba systematic approach /cJack J. Kanski, Brad Bowling. a7th ed. aLondon :bElsevier,c2011. aix, 909 p. 0aOphthalmology.@00001802961 aBowling, Brad.@00001843641